Architects by their work - Statistics

General Stats
  • This quiz has been taken 132 times
  • The average score is 6 of 12
Answer Stats
Picture Answer % Correct
Frank Lloyd Wright
89%
Antoni Gaudi
85%
Zaha Hadid
74%
Le Corbusier
70%
Frank Gehry
56%
Ieoh Ming Pei
55%
Oscar Niemeyer
49%
Michelangelo
39%
Christopher Wren
33%
Louis Henry Sullivan
11%
Mimar Sinan
11%
David Adjaye
8%
No matching quizzes found
Score Distribution
Percent of People with Each Score
Percentile by Number Answered
Your Score History
You have not taken this quiz